Estadísticas para Capitales de Argentina.

Haz click aquí para intentar la prueba.

Estadísticas generales

  • Esta prueba ha sido intentada 69 veces
  • La puntuación promedio es 9 de 10

Estadísticas de respuestas

PreguntaRespuesta% Correcto
Capital de Córdoba?Ciudad de Córdoba
98%
Capital de Formosa?Formosa
93%
Capital de la provincia de Buenos Aires?La Plata
92%
Capital de Santa Cruz?Rio Gallegos
90%
Capital de Entre Ríos?Paraná
88%
Capital de Tierra del Fuego?Ushuaia
88%
Capital de Santa Fe?Ciudad de Santa Fe
85%
Capital de Chaco?Resistencia
85%
Capital de Catamarca?San Fernando del Valle de Catamarca
80%
Capital de Rio Negro?Viedma
77%

Distribución de puntuación

Porcentaje por número respondido

Porcentaje de gente con cada puntuación

Historial de tus puntuaciones

No has intentado esta prueba.